LEADER 00955cam0-2200301---450- 001 990004203260403321 005 20080930164713.0 035 $a000420326 035 $aFED01000420326 035 $a(Aleph)000420326FED01 035 $a000420326 100 $a19990604d1911----km-y0itay50------ba 101 0 $ager 102 $aDE 105 $ay-------000yy 200 1 $aMittelhochdeutsches Wörterbuch$ezu den Deutschen Sprachdenkmälern Böhmens und der Mährischen Städte Brünn$eIglau und Olmntz XIII Bis XVI Jahrhundert$fvon Franz Jelinek 210 $aHeidelberg$cWinters$d1911 215 $aXXV, 1008 p.$d22 cm 610 0 $aLingua medio alta tedesca$aDizionari 676 $a437.02 700 1$aJelinek,$bFranz$0165025 801 0$aIT$bUNINA$gRICA$2UNIMARC 901 $aBK 912 $a990004203260403321 952 $a437.02 JEL 1$bBibl.4499$fFLFBC 959 $aFLFBC 996 $aMittelhochdeutsches Wörterbuch$9483498 997 $aUNINA LEADER 01029nam--2200337---450- 001 990006032460203316 005 20150428135555.0 010 $a88-87669-36-8 035 $a000603246 035 $aUSA01000603246 035 $a(ALEPH)000603246USA01 035 $a000603246 100 $a20150428d2003----km-y0itay50------ba 101 $aita 102 $aIT 105 $aa---||||001yy 200 1 $aArchitettura e simulazione$ela rappresentazione dell'idea dal modello fisico al modello virtuale$fRita Valenti 210 $aSiracusa$cMediterraneo Tipografia$d2003 215 $a176 p.$cill.$d26 cm 606 0 $aModelli architettonici$2BNCF 606 0 $aElaboratori$xImpiego [in] Architettura$2BNCF 676 $a720.285 700 1$aVALENTI,$bRita$0620246 801 0$aIT$bsalbc$gISBD 912 $a990006032460203316 951 $a720.285 VAL$b648 Crd.$c720$d00330757 959 $aBK 969 $aCRD 979 $aPAOLA$b90$c20150428$lUSA01$h1355 996 $aArchitettura e simulazione$91075436 997 $aUNISA LEADER 02142oam 2200649I 450 001 9910711811003321 005 20190314073319.0 035 $a(CKB)5470000002487976 035 $a(OCoLC)1047999862$z(OCoLC)839899230 035 $a(OCoLC)995470000002487976 035 $a(EXLCZ)995470000002487976 100 $a20180807d1958 ua 0 101 0 $aeng 135 $aur||||||||||| 181 $ctxt$2rdacontent 182 $cc$2rdamedia 183 $acr$2rdacarrier 200 10$aSurface water supply of the United States, 1956$hPart 6-B$iMissouri River Basin below Sioux City, Iowa /$fprepared under the direction of J.V.B. Wells 210 1$a[Washington, D.C.] :$cUnited States Department of the Interior, Geological Survey,$d1958. 215 $a1 online resource (xi, 487 pages) $cillustrations, map 225 1 $aGeological Survey Water-supply paper ;$v1440 300 $a"Prepared in cooperation with the States of Colorado, Iowa, Kansas, Minnesota, Missouri, Nebraska, and Wyoming and other agencies." 300 $aIncludes index. 606 $aWater-supply$zMissouri River Watershed 606 $aWater quality$zMissouri River Watershed 606 $aWater$xComposition$zMissouri River Watershed 606 $aWater$xComposition$2fast 606 $aWater quality$2fast 606 $aWater-supply$2fast 607 $aMissouri River Watershed$2fast 608 $aOnline resources. 615 0$aWater-supply 615 0$aWater quality 615 0$aWater$xComposition 615 7$aWater$xComposition. 615 7$aWater quality. 615 7$aWater-supply. 700 $aWells$b J. V. B.$01385991 712 02$aGeological Survey (U.S.), 712 02$aColorado. 712 02$aIowa. 712 02$aKansas. 712 02$aMinnesota. 712 02$aMissouri. 712 02$aNebraska. 801 0$bCOP 801 1$bCOP 801 2$bOCLCO 801 2$bOCLCF 801 2$bGPO 801 2$bIUA 801 2$bMERUC 801 2$bGPO 906 $aBOOK 912 $a9910711811003321 996 $aSurface water supply of the United States, 1956$93440006 997 $aUNINA